000
00281nam a2200121Ia 4500
008
190216s9999||||xx |||||||||||||| ||und||
100
_a
Alan R Gemmell
245
0
_a
Development Plant Anatomy
260
_b
Edward Arnold Ltd
_c
1969
300
_a
60
650
_a
Botany
942
_c
BK
999
_c
1214
_d
1214